| 000 | 02190nam a2200421 c 4500 | ||
|---|---|---|---|
| 003 | BLK | ||
| 005 | 20241017114208.0 | ||
| 008 | 180408b bul|||||r ||||||| ||bul|| | ||
| 010 | _aKNG00063640000 | ||
| 040 | _aBLK | ||
| 041 |
_aBUL _cBUL |
||
| 080 |
_aРуска литература _b821.161.1 _x.09(092) _z821.161.1.09(092) |
||
| 080 |
_aРуски писател (1821-1881) _b929 Достоевски, Фьодор Михайлович _x _z929 Достоевски, Фьодор Михайлович |
||
| 100 | 1 |
_aБердяев, Николай Александрович _d1874-1948 _eпърви автор _938469 |
|
| 700 | 1 |
_aПаси, Исак Соломон _eвстъп. студия от _9363338 |
|
| 700 | 1 |
_aЦветков, Иван _eпрев. от рус. _9364088 |
|
| 139 |
_aБердяев, Николай Александрович _bД 82 |
||
| 245 | 1 | 0 |
_aМирогледът на Достоевски _bИзследване _cНиколай Александрович Бердяев; встъп. студия от Исак Соломон Паси; прев. от рус. Иван Цветков. |
| 257 | _aRUS | ||
| 260 |
_аСофия _bУнив. изд. Св. Климент Охридски _c1992 |
||
| 300 |
_a192 с. _c20 см |
||
| 380 | _a80 | ||
| 490 | 1 |
_aБиблиотека Класическо наследство _v8 |
|
| 500 | _aОриг. загл. Мiросозерцанiе Достоевского / Николай Бердяев. - Именен показалец / Ив. Цветков. | ||
| 600 | 1 | 4 |
_aДостоевски, Фьодор Михайлович _d1821-1881 _964791 |
| 650 | 4 |
_aПисатели, руски _9245764 |
|
| 650 | 4 |
_aРуска литература - философски проблеми _9258222 |
|
| 650 | 4 |
_aЛитературно творчество _9264754 |
|
| 653 | _aруска литература | ||
| 653 | _aруски писатели | ||
| 653 | _aФьодор Достоевски | ||
| 852 | _aЦб 172756 | ||
| 856 | 4 |
_qpdf _u |
|
| 856 | 4 |
_qpdf _u |
|
| 942 |
_cKNG _n0 _05 |
||
| 944 |
_aCR _c13.06.2004 _k30531 _lЦветелина Шанова |
||
| 944 |
_aED _c07.09.2005 _k |
||
| 999 |
_c59533 _d59533 |
||